Специальная инженерная геология: учебник

Detaylı Bibliyografya
Yazar: Ананьев В. П. Всеволод Петрович
Diğer Yazarlar: Потапов А. Д. Александр Дмитриевич, Филькин Н. А. Николай Александрович
Özet:В учебнике приведены наиболее важные характеристики грунтов, особенности влияния геологических процессов на принятие проектных решений по возведению линейных сооружений, технологиям их возведения в различных геологических условиях, предотвращению воздействия негативных процессов на эксплуатацию дорог и аэродромов. Рассмотрены принципы организации и проведения инженерно-геологических изысканий для дорожного строительства, описаны методы изыскания для различных стадий жизненного цикла проектов дорог и аэродромов. Учебник дает необходимую основу для последующего освоения специальных дорожных дисциплин и работы на производстве. Для студентов вузов, обучающихся по направлению 270100 «Строительство». Рекомендован также для использования инженерами-дорожниками в практической работе.
Dil:Rusça
Baskı/Yayın Bilgisi: Москва, Инфра-М, 2016
Seri Bilgileri:Высшее образование - Бакалавриат
Konular:
Materyal Türü: MixedMaterials Kitap
KOHA link:https://koha.lib.tpu.ru/cgi-bin/koha/opac-detail.pl?biblionumber=301763

MARC

LEADER 00000nam0a2200000 4500
001 301763
005 20231102001431.0
010 |a 9785160104072 
035 |a (RuTPU)RU\TPU\book\326940 
035 |a RU\TPU\book\139699 
090 |a 301763 
100 |a 20081119d2016 m y0rusy5002 ca 
101 0 |a rus 
102 |a RU 
105 |a a j 001zy 
200 1 |a Специальная инженерная геология  |e учебник  |f В. П. Ананьев, А. Д. Потапов, Н. А. Филькин 
210 |a Москва  |c Инфра-М  |d 2016 
215 |a 263 с.  |c ил. 
225 1 |a Высшее образование - Бакалавриат 
320 |a Библиогр.: с. 260. 
330 |a В учебнике приведены наиболее важные характеристики грунтов, особенности влияния геологических процессов на принятие проектных решений по возведению линейных сооружений, технологиям их возведения в различных геологических условиях, предотвращению воздействия негативных процессов на эксплуатацию дорог и аэродромов. Рассмотрены принципы организации и проведения инженерно-геологических изысканий для дорожного строительства, описаны методы изыскания для различных стадий жизненного цикла проектов дорог и аэродромов. Учебник дает необходимую основу для последующего освоения специальных дорожных дисциплин и работы на производстве. Для студентов вузов, обучающихся по направлению 270100 «Строительство». Рекомендован также для использования инженерами-дорожниками в практической работе. 
606 1 |a Инженерная геология  |2 stltpush  |3 (RuTPU)RU\TPU\subj\12572  |9 39335 
610 1 |a земная кора 
610 1 |a вещественный состав 
610 1 |a геохронология 
610 1 |a геологическая документация 
610 1 |a земная поверхность 
610 1 |a рельеф 
610 1 |a грунтоведение 
610 1 |a грунты 
610 1 |a классификация 
610 1 |a техническая мелиорация 
610 1 |a гидрогеология 
610 1 |a подземные воды 
610 1 |a грунтовые воды 
610 1 |a движение 
610 1 |a водозаборные сооружения 
610 1 |a охрана 
610 1 |a геодинамические процессы 
610 1 |a выветривание 
610 1 |a ветер 
610 1 |a поверхностные воды 
610 1 |a геологическая деятельность 
610 1 |a горные породы 
610 1 |a осыпи 
610 1 |a курумы 
610 1 |a обвалы 
610 1 |a оползневые процессы 
610 1 |a криолитозона 
610 1 |a криогенные процессы 
610 1 |a лессовые породы 
610 1 |a просадочные явления 
610 1 |a строительство 
610 1 |a инженерно-геологические изыскания 
610 1 |a дорожное строительство 
610 1 |a дорожные сооружения 
610 1 |a сложные геологические условия 
610 1 |a дорожно-строительные материалы 
610 1 |a экология 
610 1 |a учебники 
675 |a 624.131.1(075.8)  |v 3  |z rus 
700 1 |a Ананьев  |b В. П.  |g Всеволод Петрович 
701 1 |a Потапов  |b А. Д.  |g Александр Дмитриевич 
701 1 |a Филькин  |b Н. А.  |g Николай Александрович 
801 1 |a RU  |b 63413507  |c 20150813 
801 2 |a RU  |b 63413507  |c 20170208  |g RCR 
900 |a Инженерная геология 
942 |c BK 
951 |l 8.1 
959 |a 92/20150730  |d 5  |e 543,00  |f ЧЗТЛ:1  |f УФ:4